A guide for a man and woman looking toward marriage. (Record no. 14605)

000 -LEADER
fixed length control field 00567nam a2200181 a 4500
001 - CONTROL NUMBER
control field :::00012437$&:&@@
003 - CONTROL NUMBER IDENTIFIER
control field OkBaRHE
005 - DATE AND TIME OF LATEST TRANSACTION
control field 20000607103419.0
008 - FIXED-LENGTH DATA ELEMENTS--GENERAL INFORMATION
fixed length control field s1943 j 000 0 eng u
040 ## - CATALOGING SOURCE
Transcribing agency
100 1# - MAIN ENTRY--PERSONAL NAME
Personal name Burkhart, Roy A., 1895-
245 12 - TITLE STATEMENT
Title A guide for a man and woman looking toward marriage.
260 ## - PUBLICATION, DISTRIBUTION, ETC. (IMPRINT)
Place of publication, distribution, etc Flushing, NY., :
Name of publisher, distributor, etc Hearthside Press
Date of publication, distribution, etc c1943
300 ## - PHYSICAL DESCRIPTION
Extent 62 p. ;
Dimensions 18 cm.
650 ## - SUBJECT ADDED ENTRY--TOPICAL TERM
Topical term or geographic name as entry element Marriage
General subdivision Counseling
942 ## - ADDED ENTRY ELEMENTS (KOHA)
Source of classification or shelving scheme
Koha item type Books
Copies
Date last seen Not for loan Source of classification or shelving scheme Withdrawn status Price effective from Damaged status Full call number Date acquired Copy number Lost status Shelving location Barcode Permanent Location Koha item type
2010-04-14   2010-04-14 HQ 734 .B82010-04-141 General Stacks12437RHEMA Bible Training CollegeBooks